header

Aluminum reduction technology (Record no. 12889)

MARC details
000 -LEADER
fixed length control field 01386nam a2200325 a 4500
245 00 - TITLE STATEMENT
Title Aluminum reduction technology
260 ## - PUBLICATION, DISTRIBUTION, ETC. (IMPRINT)
Place of publication Hoboken, N.J. :
Name of publisher Wiley,
Year of publication 2013.
300 ## - PHYSICAL DESCRIPTION
Number of Pages xxvi, 1111 p. :
Other physical details ill.
490 0# - SERIES STATEMENT
Series statement Essential readings in light metals ;
505 0# - FORMATTED CONTENTS NOTE
Formatted contents note pt. 1. Fundamentals -- pt. 2. Modeling -- pt. 3. Design -- pt. 4. Operations -- pt. 5. Control -- pt. 6. Environmental -- pt. 7. Alternative processes.
650 #0 - SUBJECT ADDED ENTRY--TOPICAL TERM
Topical Term Aluminum
700 1# - ADDED ENTRY--PERSONAL NAME
Personal name Bearne, Geoff.
Personal name Dupuis, Marc.
Personal name Tarcy, Gary.
856 40 - ELECTRONIC LOCATION AND ACCESS
Uniform Resource Identifier http://site.ebrary.com/lib/rucke/Doc?id=10684911

No items available.

© 2026 Rongo University
Contact us: librarian | system librarian | Rongo university